000 00855nam a2200253 i 4500
003 DO-SdBNP
005 20230728082647.0
006 a||||gr|||| 00| 0
007 ta
008 230623e19641968ny ||||| |||| 00| 0 spa d
040 _aDO-SdBNP
_bspa
_cBNPHU
_erda
082 4 _bA638c
_222
100 1 _947713
_aAñorga Larralde, Joaquín
_eautor
245 _aConozca su idioma :
_bcurso superior para el estudio del idioma español. /
_cJoaquín Añorga Larralde
250 _a6ta. edición,
_bedición especial para la República Dominicana.
264 1 _aUnión Square West, New York :
_bMinerva Books, Ltd.,
_c1968
_c©1964
300 _a355 páginas ;
_c21 cm.
336 _2rdaconten
_atexto
_btxt
337 _2rdamedia
_asin medición
_bn
338 _2rdacarrier
_avolumen
_bnc
590 _aInventariado 2023 / MF
910 _aMF
942 _2ddc
_cLBS1
999 _c53921
_d53921